00494nam a2200133 a 4500008004100000050002500041110004700066245010500113260003700218300000900255350000900264650003000273650005700303090115s1984 ||||||||||||||||| || u aGOV.ZAM(058)APB/1984 aGovernment of the Republic of Zambia (GRZ)10aReport of the Auditor-General for 1982 on the Accounts of Parastatal BodiescBy The Auditor General aLusakabGovernment Printerc1984 a45p. a0.00 aAUDITORS' REPORTS--ZAMBIA aGOVERNMENT OF THE REPUBLIC OF ZAMBIA (GRZ)--AUDITING